<?xml version="1.0" encoding="utf-8"?>
<?xml-stylesheet type='text/xsl' href='./oai2.xsl'?>
<OAI-PMH xmlns="http://www.openarchives.org/OAI/2.0/" xmlns:xsi="http://www.w3.org/2001/XMLSchema-instance" xsi:schemaLocation="http://www.openarchives.org/OAI/2.0/ http://www.openarchives.org/OAI/2.0/OAI-PMH.xsd">
  <responseDate>2026-06-06T11:00:19Z</responseDate>
  <request verb="GetRecord" metadataPrefix="marcxml" identifier="record_kuniweb_2686473">https://kulturerbe.niedersachsen.de/oai</request>
  <GetRecord>
    <record>
      <header>
        <identifier>record_kuniweb_2686473</identifier>
        <datestamp>2026-03-31T19:09:18Z</datestamp>
        <setSpec>slg0175</setSpec>
      </header>
      <metadata>
        <marc:record xmlns:marc="http://www.loc.gov/MARC21/slim" xsi:schemaLocation="http://www.loc.gov/MARC21/slim http://www.loc.gov/standards/marcxml/schema/MARC21slim.xsd">
          <marc:leader>12345nkm  22     uu 4500</marc:leader>
          <marc:controlfield tag="001">2686473</marc:controlfield>
          <marc:controlfield tag="003">http://kuniweb.gbv.de</marc:controlfield>
          <marc:controlfield tag="005">2025-07-24T11:07:44</marc:controlfield>
          <marc:controlfield tag="008">|           ||||||||||||||||||||||</marc:controlfield>
          <marc:datafield tag="245" ind1="1" ind2="0">
            <marc:subfield code="a">Rothenburg ob der Tauber: Weißer Turm</marc:subfield>
          </marc:datafield>
          <marc:datafield tag="700" ind1="1" ind2=" ">
            <marc:subfield code="a">K. Herbert</marc:subfield>
            <marc:subfield code="e">FotografIn</marc:subfield>
            <marc:subfield code="e">HerausgeberIn</marc:subfield>
          </marc:datafield>
          <marc:datafield tag="655" ind1=" " ind2="7">
            <marc:subfield code="a">Fotografie</marc:subfield>
          </marc:datafield>
          <marc:datafield tag="046" ind1=" " ind2=" ">
            <marc:subfield code="k">1880</marc:subfield>
            <marc:subfield code="k">ca. 1880 - ca. 1886 (Fotografie nicht datiert; Hermann Allmers über Pfingsten 1886 in Rothenburg ob der Tauber zum historischen Festspiel am 250. Jahrestag der Befreiung der Stadt von der Belagerung im Dreißigjährigen Krieg - Aufnahme möglicherweise in diesem Zuge erworben)</marc:subfield>
            <marc:subfield code="l">1886</marc:subfield>
          </marc:datafield>
          <marc:datafield tag="260" ind1=" " ind2=" ">
            <marc:subfield code="g">1880</marc:subfield>
            <marc:subfield code="g">1886</marc:subfield>
            <marc:subfield code="g">ca. 1880 - ca. 1886 (Fotografie nicht datiert; Hermann Allmers über Pfingsten 1886 in Rothenburg ob der Tauber zum historischen Festspiel am 250. Jahrestag der Befreiung der Stadt von der Belagerung im Dreißigjährigen Krieg - Aufnahme möglicherweise in diesem Zuge erworben)</marc:subfield>
          </marc:datafield>
          <marc:datafield tag="300" ind1=" " ind2=" ">
            <marc:subfield code="a">Höhe: 147 mm (Fotografie)
Breite: 103 mm (Fotografie)
Höhe: 166 mm (Untersatzkarton)
Breite: 107 mm (Untersatzkarton)</marc:subfield>
          </marc:datafield>
          <marc:datafield tag="520" ind1=" " ind2=" ">
            <marc:subfield code="a">Fotoabzug im Kabinettformat nach einer Aufnahme von K. Herbert, Rothenburg ob der Tauber; Aufnahme zeigt den Weißen Turm in Rothenburg ob der Tauber von der Feldseite. Fotografie nicht datiert - Hermann Allmers über Pfingsten 1886 in Rothenburg ob der Tauber zum historischen Festspiel am 250. Jahrestag der Befreiung der Stadt von der Belagerung im Dreißigjährigen Krieg; Aufnahme möglicherweise in diesem Zuge erworben.
Insgesamt 13 Aufnahmen von Rothenburg ob der Tauber von Fotograf K. Herbert auf Untersatzkarton im NHA erhalten (6.3.622-634) (T. Mahler 06/2025)

Aufkleber/Etikett:
"Am Weissen Thurm" verso u. mittig (bedruckter Aufkleber des Fotografen und Verlags auf dem Untersatzkarton (verso))

Aufschrift:
"Rothenburg ob. d. T." verso o. mittig (Bez. von Allmers' Hand in schwarzer Tinte auf dem Untersatzkarton (verso))

Aufdruck:
"Verlag/ von/ K. Herbert/ Herrnstr. 19/ Rothenburg/ ob der Tauber/ Bayern." verso mittig (Druck des Fotografen und Verlags auf dem Untersatzkarton (verso))

Literatur in Zusammenhang:
H. Allmers, H. G. Steimer, und A. Behne, „Briefwechsel mit Freunden in der Ferne 1880-1901“, Briefwechsel, Bd. 3, Teilband 2. Edition Temmen, Bremen, 2019. (Vgl. S. 601)</marc:subfield>
          </marc:datafield>
          <marc:datafield tag="650" ind1="1" ind2=" ">
            <marc:subfield code="a">Grafik, Fotografie &gt; Fotografie &gt; Fotoabzug</marc:subfield>
          </marc:datafield>
          <marc:datafield tag="773" ind1="0" ind2=" ">
            <marc:subfield code="t">Sammlung und Nachlass Hermann Allmers</marc:subfield>
          </marc:datafield>
          <marc:datafield tag="852" ind1=" " ind2=" ">
            <marc:subfield code="a">Archiv des Landkreises Cuxhaven</marc:subfield>
          </marc:datafield>
          <marc:datafield tag="852" ind1=" " ind2=" ">
            <marc:subfield code="a">Rothenburg ob der Tauber</marc:subfield>
          </marc:datafield>
          <marc:datafield tag="" ind1=" " ind2=" ">
            <marc:subfield code="a">Sammlung und Nachlass Hermann Allmers sind Eigentum der Hermann-Allmers-Gesellschaft e. V. und werden in zwei Teilen an zwei Standorten verwahrt:
Die (museale) Sammlung, bestehend aus Mobiliar und Hausgerät, Tafelgemälden, kleineren und größeren Antiken, Gipsabgüssen, kunsthandwerklichen Objekten aus Keramik und Glas und einer kleinen Bibliothek, befindet sich im Allmers-Haus in Rechtenfleth.
Der literarische, grafische und fotografische "Nachlass Hermann Allmers" hingegen ist im Archiv des Landkreises Cuxhaven in Otterndorf deponiert.</marc:subfield>
          </marc:datafield>
          <marc:datafield tag="" ind1=" " ind2=" ">
            <marc:subfield code="a">Namensnennung - Nicht kommerziell - Keine Bearbeitungen 4.0 International (CC BY-NC-ND 4.0)</marc:subfield>
          </marc:datafield>
        </marc:record>
      </metadata>
    </record>
  </GetRecord>
</OAI-PMH>
